000 01049nam a2200301 a 4500
001 000002913
003 DO-SdBPM
005 20250909115514.0
007 ta
008 090706s2004 dr ab 000 0 spa d
040 _aDO-SdBPM
_bspa
_cBPMSU
_drda
082 4 _a972.9343
_bM827b 2004
_222
100 _aMora Oviedo, Hostos Guaroa
_eautor
245 1 0 _aBánica :
_bapuntes para su historia /
_cHostos Guaroa Mora Oviedo ; prólogo Miguel Casado Tejeda.
260 _b
264 _aSanto Domingo :
_b[sin editorial],
_c2004.
300 _a240 páginas :
_bretrato ;
_c21 cm.
336 _atexto
_btxt
_2rdacontent
337 _asin mediación
_bn
_2rdamedia
338 _avolumen
_bnc
_2rdacarrier
590 _aInventariado, 2025/VM
650 7 _aCiudades y pueblos
_z República Dominicana
651 7 _aBánica (República Dominicana)
_xVida social y costumbres
651 7 _aBánica (República Dominicana)
_xHistoria local
700 1 _aCasado Tejeda, Miguel,
_eprólogo
910 _aVMateo V. Control de calidad BPMSU
942 _2ddc
_cBK
999 _c15377
_d15377